000 00358nam a22001451a 4500
082 _aH3
_bVIM/N
100 _aVimal Mitra
_9166256
245 _aNyaya anyay/
_cby Vimal Mitra.
260 _aDelhi:
_bRajbhasha,
_c1997.
300 _a104p.
650 _aNovel Hindi
_9166257
650 _aLiterature Hindi
_9166258
650 _aLiterature
_9166259
942 _cBK
999 _c31890
_d31890